000 00546cam a2200193 4500
001 D4161
008 090401t1956 xxu||||| |||| 00| 0 eng d
035 _a(Sirsi) u76801
041 _aeng
050 _a692.3095
110 _aAir Ministry
_91061
245 _aRules of measurement for the preparation of bills of quantities for building works in the Far East for Service Departments
260 _aLondon
_bAir Ministry
_c1956
300 _a13p. 33cm
350 _a0
520 _aFiled at SMM 1956/1BC
942 _n0
948 _c04/03/1997
999 _c96250
_d96250